[Event "Pontevedra op-B 6th"]
[Site "Pontevedra"]
[Date "2018.08.12"]
[Round "7"]
[White "Nurgaliyev, Sauat"]
[Black "Martinez de Navascues, Francisco"]
[Result "0-1"]
[WhiteElo "1613"]
[BlackElo "1921"]
[PlyCount "90"]
[EventDate "2018.08.08"]
[EventType "swiss"]
[EventRounds "9"]
[EventCountry "ESP"]
[SourceTitle "CBM 186 Extra"]
[Source "ChessBase"]
[SourceDate "2018.08.24"]
[SourceVersion "1"]
[SourceVersionDate "2018.08.24"]
[SourceQuality "1"]

1. d4 e6 2. Nf3 b6 3. g3 Bb7 4. Bg2 Nf6 5. 0-0 Be7 6. c4 d5 7. Nc3 0-0 8. Ne5 Nbd7 9. Qa4 Nxe5 10. dxe5 Ne4 11. cxd5 Nxc3 12. bxc3 exd5 13. Rd1 c6 14. e4 Bc5 15. exd5 cxd5 16. c4 Qe7 17. Bxd5 Bxd5 18. Rxd5 Rad8 19. Bf4 g5 20. Bd2 Rxd5 21. cxd5 Qxe5 22. Rd1 Rd8 23. Bc1 Qe2 24. Rf1 Rxd5 25. Qxa7 Rf5 26. Qa8+ Kg7 27. Qg2 g4 28. Bf4 Qxa2 29. Qc6 Qe6 30. Qb5 Bxf2+ 31. Rxf2 Rxb5 32. Rf1 Qe4 33. Bc1 Rb1 34. Kf2 Qf3+ 35. Kg1 Rxc1 36. Rxc1 Qe3+ 37. Kg2 Qxc1 38. Kf2 b5 39. Ke2 b4 40. Kd3 b3 41. Ke4 b2 42. Kf5 b1Q+ 43. Kxg4 Qg6+ 44. Kf3 Qf1+ 45. Ke3 Qgd3# 0-1

[Event "Pontevedra op-B 6th"]
[Site "Pontevedra"]
[Date "2018.08.10"]
[Round "3"]
[White "Vazquez Alvarez, Diego"]
[Black "Martinez de Navascues, Francisco"]
[Result "1/2-1/2"]
[WhiteElo "1837"]
[BlackElo "1921"]
[PlyCount "94"]
[EventDate "2018.08.08"]
[EventType "swiss"]
[EventRounds "9"]
[EventCountry "ESP"]
[SourceTitle "CBM 186 Extra"]
[Source "ChessBase"]
[SourceDate "2018.08.24"]
[SourceVersion "1"]
[SourceVersionDate "2018.08.24"]
[SourceQuality "1"]

1. e4 e5 2. d4 exd4 3. c3 dxc3 4. Bc4 Nf6 5. e5 Qe7 6. Qe2 Ng8 7. Nxc3 c6 8. Ne4 Qb4+ 9. Bd2 Qxb2 10. Nd6+ Bxd6 11. exd6+ Kf8 12. Rd1 b5 13. Bd3 Na6 14. Nf3 Nc5 15. 0-0 Bb7 16. Rfe1 Ne6 17. Ne5 Nf6 18. Qf3 h6 19. Nxd7+ Nxd7 20. Rxe6 Ne5 21. Qf5 Nxd3 22. Re7 Qf6 23. Qxd3 Bc8 24. Rde1 Be6 25. Bb4 Rd8 26. Rxa7 Qf4 27. a3 Qg5 28. Qf3 Kg8 29. h4 Qg6 30. Qxc6 Kh7 31. Qxb5 Bh3 32. Qd5 Rhe8 33. Rxe8 Rxe8 34. Re7 Be6 35. Qf3 Rc8 36. Rc7 Rd8 37. Qg3 Qe4 38. Bc3 g5 39. hxg5 Rg8 40. Qe5 Qb1+ 41. Kh2 Rxg5 42. Qh8+ Kg6 43. Qf6+ Kh5 44. Qf3+ Kg6 45. Qf6+ Kh5 46. Qf3+ Kg6 47. Qf6+ Kh5 1/2-1/2

[Event "Madrid Chamartin op 3rd"]
[Site "Madrid"]
[Date "2014.09.11"]
[Round "6"]
[White "Martinez de Navascues, Francisco"]
[Black "Gomez Feria, Jose Maria"]
[Result "0-1"]
[WhiteElo "1760"]
[BlackElo "1838"]
[PlyCount "91"]
[EventDate "2014.09.07"]
[EventType "swiss"]
[EventRounds "9"]
[EventCountry "ESP"]
[SourceTitle "CBM 162 Extra"]
[Source "ChessBase"]
[SourceDate "2014.10.17"]
[SourceVersion "1"]
[SourceVersionDate "2014.10.17"]
[SourceQuality "1"]

1. b4 e5 2. Bb2 Bxb4 3. Bxe5 Nf6 4. e3 0-0 5. Nf3 Re8 6. Be2 Nc6 7. Bb2 d5 8. 0-0 h6 9. Ne1 Bf5 10. Bd3 Qd7 11. Bxf6 gxf6 12. Qh5 Bxd3 13. Nxd3 Bf8 14. f4 Bg7 15. f5 Kh7 16. c3 b6 17. Na3 Ne5 18. Nxe5 Rxe5 19. Nc2 c5 20. Rf4 Rg8 21. Raf1 Bf8 22. h4 Re4 23. Qf3 Rxf4 24. exf4 d4 25. cxd4 cxd4 26. Qd3 Qd5 27. Rf3 Bd6 28. Qb3 Qb7 29. g3 Qe4 30. Kf2 Kg7 31. Qd3 Qd5 32. a3 a5 33. Kg2 Bc5 34. Ne3 Qb7 35. Nc4 Re8 36. Kh3 Qe7 37. g4 Qb7 38. g5 hxg5 39. fxg5 Re1 40. gxf6+ Kxf6 41. Nd6 Bxd6 42. Qxd4+ Be5 43. Qd8+ Kg7 44. f6+ Kg6 45. Qd3+ Qe4 46. Kg2 0-1

[Event "Villalba op 1st"]
[Site "Villalba"]
[Date "2013.07.27"]
[Round "1.13"]
[White "Martinez de Navascues, Francisco"]
[Black "Santamaria Baeza, Adolfo"]
[Result "0-1"]
[WhiteElo "1594"]
[BlackElo "1936"]
[PlyCount "80"]
[EventDate "2013.07.27"]
[EventType "swiss"]
[EventRounds "9"]
[EventCountry "ESP"]
[SourceTitle "EXT 2024"]
[Source "ChessBase"]
[SourceDate "2023.10.10"]
[SourceVersion "1"]
[SourceVersionDate "2023.10.10"]
[SourceQuality "1"]

1. Nf3 Nf6 2. b3 d6 3. e3 e5 4. Bb2 Bg4 5. h3 Bh5 6. Be2 Nc6 7. d4 e4 8. Nfd2 Bg6 9. c4 d5 10. 0-0 Bd6 11. cxd5 Nxd5 12. Nc3 Nxc3 13. Bxc3 0-0 14. Nc4 Ne7 15. Nxd6 cxd6 16. d5 Nf5 17. Re1 Qg5 18. Bg4 Rac8 19. Qd2 h5 20. Bxf5 Bxf5 21. Kh2 Bd7 22. Rg1 Rc5 23. Rad1 Rfc8 24. Bb4 Rc2 25. Qd4 Rxf2 26. Bxd6 h4 27. Rdf1 Rxa2 28. Rf4 Qg3+ 29. Kh1 Rxg2 30. Qxg7+ Qxg7 31. Rxg2 Bxh3 32. Rxg7+ Kxg7 33. Rxh4 Bf5 34. Be5+ f6 35. Bf4 Rc3 36. Rh5 Bg6 37. Rh2 Rxb3 38. Rd2 Rd3 39. Rb2 b6 40. d6 Bf7 0-1

[Event "Tres Cantos op 5th"]
[Site "Tres Cantos"]
[Date "2013.06.22"]
[Round "2"]
[White "Lopez de Turiso, Jose Angel"]
[Black "Martinez de Navascues, Francisco"]
[Result "1-0"]
[WhiteElo "2095"]
[BlackElo "1580"]
[PlyCount "101"]
[EventDate "2013.06.21"]
[EventType "swiss"]
[EventRounds "9"]
[EventCountry "ESP"]
[SourceTitle "EXT 2014"]
[Source "ChessBase"]
[SourceDate "2013.11.20"]
[SourceVersion "1"]
[SourceVersionDate "2013.11.20"]
[SourceQuality "1"]

1. d4 b6 2. c4 e6 3. e4 Bb7 4. d5 Nf6 5. Bd3 exd5 6. exd5 Bc5 7. Qe2+ Qe7 8. Qxe7+ Bxe7 9. Nf3 0-0 10. 0-0 Na6 11. Nc3 Nc5 12. Bc2 Ba6 13. Re1 Rfe8 14. b4 Bxc4 15. bxc5 Bxc5 16. Rxe8+ Rxe8 17. Bb3 Ba6 18. Bg5 Ng4 19. Bh4 Ne5 20. Nxe5 Rxe5 21. Bg3 Rf5 22. Re1 g6 23. Bc2 Rh5 24. Bd1 Bb4 25. Bxh5 Bxc3 26. Rc1 Bb2 27. Rc2 Bd3 28. Rxb2 gxh5 29. Bxc7 b5 30. Be5 Bc4 31. d6 h6 32. f4 Kh7 33. f5 h4 34. Kf2 Bd3 35. Ke3 Bxf5 36. Rxb5 h3 37. g3 Kg6 38. Ra5 f6 39. Bf4 Be6 40. Rxa7 Kf5 41. a4 h5 42. a5 h4 43. a6 hxg3 44. Bxg3 Kg4 45. Rb7 f5 46. a7 Bd5 47. a8Q f4+ 48. Bxf4 Be6 49. Rxd7 Bxd7 50. Qg8+ Kf5 51. Qf7+ 1-0